000 01394nam a22003134a 4500
001 ebr10040993
003 CaPaEBR
006 m u
007 cr cn|||||||||
008 000522s1999 dcua sb 000 0 eng
010 _z 00502202
020 _z0309064473
040 _aCaPaEBR
_cCaPaEBR
035 _a(OCoLC)559576861
050 1 4 _aQR186.85
_b.I55 1999eb
082 0 4 _a571.9/67
_221
110 2 _aInstitute of Laboratory Animal Resources (U.S.).
_bCommittee on Methods of Producing Monoclonal Antibodies.
245 1 0 _aMonoclonal antibody production
_h[electronic resource] /
_cCommittee on Methods of Producing Monoclonal Antibodies, Institute for Laboratory Animal Research, National Research Council.
260 _aWashington, D.C. :
_bNational Academy Press,
_c1999.
300 _axiv, 59 p. :
_bill.
504 _aIncludes bibliographical references (p. 48-53).
533 _aElectronic reproduction.
_bPalo Alto, Calif. :
_cebrary,
_d2013.
_nAvailable via World Wide Web.
_nAccess may be limited to ebrary affiliated libraries.
650 0 _aMonoclonal antibodies
_xSynthesis
_xMethodology.
650 0 _aHybridomas.
650 0 _aMice as laboratory animals.
655 7 _aElectronic books.
_2local
710 2 _aebrary, Inc.
856 4 0 _uhttp://site.ebrary.com/lib/rucke/Doc?id=10040993
_zAn electronic book accessible through the World Wide Web; click to view
999 _c60630
_d60630